El cuento contemporáneo : Raymond Carver /

Guardat en:
Dades bibliogràfiques
Autor principal: Carver, Raymond (autor)
Altres autors: Pacheco, Laura Emilia (selección, introducción y traducción) (selección, introducción y traducción)
Format: Llibre
Idioma:espanyol
Publicat: México : UNAM, Coordinación de Difusión Cultural, 1993, c1993
Etiquetes: Afegir etiqueta
Sense etiquetes, Sigues el primer a etiquetar aquest registre!

MARC

LEADER 00000nam^a2200000^a^4500
001 000616643
005 20250627000000.0
009 20260310133725.92
020 |a 968-36-2644-0 
037 |a Acervo ITESO - Biblioteca 
041 |a ESP 
091 |a FGU. 00229 
100 |a Carver, Raymond  |e (autor) 
245 1 3 |a El cuento contemporáneo :  |b Raymond Carver / 
264 4 |a México :  |b UNAM, Coordinación de Difusión Cultural,  |c 1993, c1993 
300 |a 50 p. 
336 |a texto  |b txt  |2 rdacontenido 
337 |a sin mediación  |b n  |2 rdamedio 
338 |a volumen  |b nc  |2 rdasoporte 
649 |a XX 
700 |a Pacheco, Laura Emilia  |e (selección, introducción y traducción) 
910 |a Fondo Guadalupe Morfín Otero 
920 |a Impresos - Libros 
930 |a Fondos Especiales 
940 |a Literatura 
905 |a 146 
901 |a 616643-10  |b IT2  |c ESP  |i D  |u 20250627 
902 |a https://opac.biblio.iteso.mx/vufind/Record/000616643